Quizzes
Events
Quiz Creation
Community
Videos
Private Events
Remove Ads
Sign In
Join for FREE
Feedback
Dark Mode
Quiz Categories
Sports
Geography
Music
Movies
Television
Just For Fun
Miscellaneous
History
Literature
Language
Science
Gaming
Entertainment
Religion
Holiday
For Kids
Quiz Lab
Recent
Popular Today
Quiz Kudos Today
Editor Picks
Curator Picks
Quizzes by...
Day
Popularity
Type
Ratings
Length
Year
Community
Subscriptions
Recent Discussions
Orange Saloon
Badges
Playlists
Quests
Create
Leaderboards
Showdown
Live 5
Trivia Bingo
Activity
Puzzle Library
Sporcle Events
Private Events
Virtual Trivia
Globe League
Become a Host
Pub Owners
SporcleCon
Opinionation
Our Games
Videos
Blog
Mobile Apps
Partnerships
Remove Ads and Go Orange
Feedback
Sports
Athletes
MLB
NBA
NHL
NFL
Soccer
Sports Teams
WWE
NCAA
Football
Premier League
Basketball
Baseball
Hockey
Golf
Tennis
Cricket
Rugby
Auto Racing
Olympics
World Cup
Sports
Athletes
MLB
NBA
NHL
NFL
Soccer
Sports Teams
WWE
NCAA
Football
Premier League
Basketball
Baseball
Hockey
Golf
Tennis
Cricket
Rugby
Auto Racing
Olympics
World Cup
Random Quiz
Search Sporcle
×
Curator Pick
Curator Pick
Sports
Grab Bag
Type in answers that appear in a list
Type in answers that appear in a list
Classic
Best Score? Go Orange.
The Ashes Grab Bag - Cricket Stats
Can you name the top performing players in post war Ashes test matches in the following categories?
By
Derrie
10m
60 Questions
6,107 Plays
6,107 Plays
6,107 Plays
Comments
Comments
Give Quiz Kudos
Give Quiz Kudos
-
- Ratings
hide this ad
More Info
Replay
Link that replays current quiz
Next Quiz
Link to next quiz in quiz playlist
You Got
0%
They Got
Avg Score
60%
Avg Friend Score
Upgrade to see
Score Distribution
Jump to the score distribution portion of the page
Score
0/60
Timer
10:00
1
Play Today
% Correct
Ian Chappell, Bob Simpson & Shane Warne
96.3%
Shane Warne
96.1%
Shane Warne
96.1%
David Boon, Geoffrey Boycott, Neil Harvey, Mark Taylor & Mark Waugh
92.5%
Glenn McGrath
91.4%
Steve Waugh
89.9%
Steve Waugh
89.9%
Steve Waugh
89.9%
Mark Waugh
89.7%
Ricky Ponting
89.5%
Ricky Ponting
89.5%
Ricky Ponting
89.5%
Adam Gilchrist
89.4%
Ian Botham
85.8%
Ian Botham
85.8%
Alec Stewart
79.9%
Ricky Ponting
76.8%
Mark Taylor
75.7%
Mark Taylor
75.7%
Allan Border
75.4%
Allan Border
75.4%
Allan Border
75.4%
Allan Border
75.4%
Bob Taylor
75.2%
Graham Gooch
74.2%
Graham Gooch
74.2%
Ian Healy
73%
Geoffrey Boycott
72.5%
David Gower
71.3%
David Gower
71.3%
% Correct
David Gower
71.3%
Dennis Lillee
68.4%
Greg Chappell
65.6%
Greg Chappell
65.6%
Bob Willis
64.2%
Alan Knott
60.6%
Rod Marsh
57.7%
Rod Marsh
57.7%
Jeff Thomson
46.6%
Neil Harvey
46.2%
Neil Harvey
46.2%
Richie Benaud
45.8%
Colin Cowdrey
43.4%
Colin Cowdrey
43.4%
Colin Cowdrey
43.4%
Michael Slater
39.4%
Terry Alderman
38%
John Edrich
28.5%
John Edrich
28.5%
Tony Greig
25.6%
Godfrey Evans
25.5%
Alec Bedser
24.8%
Bill Lawry
24.6%
Ray Lindwall
21.8%
Geoff Lawson
18.4%
Wally Grout
17.2%
Doug Walters
16.2%
Arthur Morris
11.9%
Don Tallon
9.7%
Gil Langley
5.4%
Quiz Playlist
Details
Report
Send in Message
Add To Playlist
More Info:
NOW INCLUDES 2010/11 ASHES
Classic:
Type in answers that appear in a list
Quiz Source
Last Updated: Feb 16, 2017
Curator Pick in
Cricket
Quiz Scoreboard
CHALLENGE
Sign Up to Join the Scoreboard
Show All
Scores
Hide
Comments
May contain spoilers
Recently Published
NBA Finals Game Top Scorers (2010s)
by flibbidy
Sports
5m
Guess the 'R' Things in 3 Words
by MSUKent
Miscellaneous
3m
Actor to Badly Drawn Movie III
by MoMosMoProblems
Movies
5m
More to Explore
Quiz From the Vault
Featured Blog Post
Where Does Lost Luggage Go?
hide this ad
You Might Also Like...
Tags
Cricket Quiz
Grab Bag Quiz
bag
Category
Matching
Performer
Player
post
test
Today's Top Quizzes in Sports
Browse Sports
hide this ad
Today's Top Quizzes in Grab Bag
Browse Grab Bag
Top Contributed Quizzes in Sports
1
Les joueurs à 100 buts en Ligue 1 Uber Eats
2
2022 World Cup Stars
3
2024 March Madness Bracket
4
Millionaire: NBA Finals Edition
5
Players with Multiple 50 Home Run Seasons
6
Nickname Match: Athletes VI
7
Criteria MLB: Left Handed Sluggers
8
Iconic Moments in Football - Multiple Choice
9
NFL MVPs ordered
10
First NBA MVP by Team
Explore More
Trending Topics
Disney
Harry Potter
Anime
Kpop
NBA
Marvel
Crossword
Song
Pokémon
Puzzle
The Office
Country
WWE
Soccer
NFL
hide this ad
More By:
Derrie
Quiz
Plays
Rating
Category
Featured
Created
Country by Soccer Teams
317,334
4.48
Sports
Oct 5, 2009
Female Song Titles (A-Z)
102,919
3.28
Music
Feb 18, 2010
Movie Surnames
56,302
4.40
Movies
Dec 2, 2010
The Raven Rhymes
28,977
4.42
Literature
Oct 9, 2009
00s Formula One Drivers
8,072
3.88
Sports
Nov 5, 2009
Go to Creator's Profile
Score Distribution
Quiz Creator Spotlight
Derrie
Follow
Send a Message
Quizzes Created
-
Created Quiz Play Count
-
More By This Creator
Popular Quizzes Today
1
Find the US States - No Outlines Minefield
2
Find the US States
3
The Countries of the World
4
10 Largest US States in Order
5
Find the Countries of Europe - No Outlines Minefield
6
US States
7
Guess the 'R' Things in 3 Words
8
Actor to Badly Drawn Movie III
More Sports Quizzes
Top 5 Point Leaders On Every NHL Team (2021 Season)
Quiz Lab
Trending Quizzes
Match the Book to the Film II
First Name TV: Leading Men
3-Word Movies in 1 Word II
Match the Book to the Film VI
European Union (Redux)
Recently Updated
Women's Final Four Teams by Year
bhenderson79
Presidents Quartet II
eogle
Anything But Clue(do)
eogle
Anything But Oceanian Capitals
eogle
Anything But 7
eogle
Anything But Thing
eogle
Word Ladder: February 29
pecheneg
Song Title Questions
pecheneg
Women's NCAA Tournament #1 Seeds
pecheneg
Celebrity Mug Shots
pecheneg
Trending Topics
NBA
Marvel
Kpop
Crossword
Harry Potter
Anime
Disney
The Office
Puzzle
WWE
Soccer
Country
NFL
Song
Pokémon
Your Account Isn't Verified!
In order to create a playlist on Sporcle, you need to verify the email address you used during registration. Go to your
Sporcle Settings
to finish the process.
Report this User
Report this user for behavior that violates our
Community Guidelines
.
Details:
Send Report
Go to the Sporcle.com Mobile Site →
Comments